| 000 | 00365nam a2200133Ia 4500 | ||
|---|---|---|---|
| 008 | 220204s9999 xx 000 0 und d | ||
| 082 |
_a577.125.3 _bNUM |
||
| 245 | 0 | _aFatty acid metabolism and its regulation | |
| 260 |
_aAmsterdam _bElsevier _c1984 |
||
| 490 | _aNew comprehensive biochemistry v 7 | ||
| 650 | _aFatty acid | ||
| 700 | _aNUMA, Shosaku | ||
| 942 | _cBK | ||
| 999 |
_c39988 _d39988 |
||